The idea of a Southern nation : Southern nationalist and Southern nationalism, 1830-1860 /

Bibliographic Details
Main Author: McCardell, John
Format: Book
Language:English
Published: New York : Norton, [1979]
Edition:1st ed.
Subjects:

MARC

Tag First Indicator Second Indicator Subfields
LEADER 00000pam a2200000 i 4500
001 in00000099401
005 20150926125609.0
008 790418s1979 nyuaf b 00110 eng
010 |a  79012896  
020 |a 0393012417 
035 |a (OCoLC)04933821 
035 |9 AAL3822AM 
040 |a DLC  |c DLC  |d TXA  |d UtOrBLW 
043 |a n-usu-- 
049 |a TXAM  |c [1191447] 
050 0 0 |a F213  |b .M13 1979 
082 0 |a 320.9/75/03 
100 1 |a McCardell, John. 
245 1 4 |a The idea of a Southern nation :  |b Southern nationalist and Southern nationalism, 1830-1860 /  |c John McCardell. 
250 |a 1st ed. 
264 1 |a New York :  |b Norton,  |c [1979] 
264 4 |c ©1979 
300 |a xi, 394 pages, 4 unnumbered leaves of plates :  |b illustrations ;  |c 21 cm. 
336 |a text  |b txt  |2 rdacontent 
337 |a unmediated  |b n  |2 rdamedia 
338 |a volume  |b nc  |2 rdacarrier 
500 |a Includes index. 
504 |a Bibliography: pages [355]-375. 
650 0 |a Nationalism  |z Southern States  |x History. 
651 0 |a Southern States  |x History  |y 1775-1865. 
651 0 |a Southern States  |x Intellectual life. 
999 |a MARS 
999 f f |s 4c6592bb-f8e9-379a-a3e2-6aded4cc77de  |i f5662236-89ff-3696-b9bf-da4ee402a51c  |t 0 
952 f f |p normal  |a Texas A&M University  |b College Station  |c Sterling C. Evans Library  |d Evans: Library Stacks  |t 0  |e F213 .M13 1979  |h Library of Congress classification  |i unmediated -- volume  |m A14802278533 
998 f f |a F213 .M13 1979  |t 0  |l Evans: Library Stacks